GeoGuessr Icon/Avater Quiz - Statistics

General Stats
  • This quiz has been taken 56 times
  • The average score is 42 of 201
Answer Stats
Picture Answer % Correct
Rainbolt
93%
ChicagoGeographer
76%
RC
71%
Geowizard
67%
Jake Lyons
67%
ReAnna
67%
DerZiggi
60%
Blinky
58%
Kodiak
58%
Projectbloom
58%
Zi8gzag
58%
Debre
56%
FinBarr
56%
Wolftrekker
56%
Alok
49%
Maccem
49%
IcePelican
47%
Topotic
47%
Mr. Potatoman
44%
bananaman
42%
Savethesnail
42%
Shiina
42%
Shimmy
42%
Aussiegolfer
40%
Gelotris
40%
Spiral
40%
bassman
38%
bastel
38%
Duckbavis
38%
Eamonn
38%
Gorka
38%
Jupa
38%
Trabota
38%
Vegetal
38%
Cinnamonique
36%
Jeroen
36%
Lupus
36%
Mumrik
36%
Tinyturtle
36%
Simi
33%
Emilyapocalypse
31%
Jerome
31%
Mipt demetra
31%
Phineas
31%
Souvlaki Zeitgeist
31%
Steve
31%
Tylko Olympia
31%
ElVell
29%
Fungus
29%
GeographyChallenges
29%
GeoguessRu
29%
Kirania
29%
Moo
29%
Salvado
29%
Stiino
29%
TJAY
29%
VehicleRonald
29%
Dev
27%
Havrd
27%
HeyPando
27%
Isti
27%
Jakooo
27%
JoeySpeeltGames
27%
Quarksauce
27%
Rrick378
27%
Willywoxy
27%
Brectify
24%
Daig_O
24%
Little Fox
24%
LunacyEcho
24%
Ning
24%
Super_33
24%
Sven
24%
Armani
22%
Emshanoff
22%
Harrier
22%
HugoCL
22%
itzHakii
22%
Jamabi
22%
JHK
22%
Leero
22%
LyttleOne
22%
Magyaron
22%
Rohan
22%
Wouter28
22%
Consus
20%
Den
20%
Lemonized
20%
Nakkas
20%
Ralius
20%
Ribeirete
20%
Sadziu
20%
Timzkii
20%
Wyxi
20%
Yung Eddie
20%
Biquette
18%
Boky
18%
Castroller
18%
Duskden2
18%
Gingey
18%
Llewkcor
18%
Mobambachloride
18%
Nick
18%
Trekk
18%
Trichter33
18%
Akinator
16%
AlexYP
16%
DasSchnootz
16%
Geo Pasch
16%
Kowalski
16%
Milan
16%
NotAGoodPlayer
16%
Saynada
16%
toro3317
16%
Blu
13%
Egorsmol
13%
Harmless
13%
Pivver
13%
Skoussi
13%
Treezerik
13%
Denis
11%
Grzejnik
11%
Icy3P
11%
ItzNexxレソトの皇帝
11%
Jul
11%
Kratsooo
11%
Malfunction
11%
Misterblue
11%
Plonk it
11%
Salex
11%
SpongeTGS
11%
8u_dp
9%
ananananananananananananananah
9%
DaniCP
9%
Giovanni1798p
9%
GuyPeace
9%
Habibz98
9%
Halikaru
9%
JanSeweryn
9%
Jeune Herisson
9%
Krux1k
9%
MaxjWalter
9%
Nestor
9%
poli
9%
popguy
9%
Sergiotor9
9%
Swangambit
9%
Angelohasleft
7%
Ant3k
7%
ChumleyChum
7%
Cron
7%
DjSejgf511
7%
Geooo
7%
Jiibee
7%
Joeri
7%
KZT
7%
Lawnlaw
7%
Lemon
7%
Nativehammerhead
7%
Paschtetli
7%
pospos
7%
Samuel
7%
Scrypero
7%
Shuelo
7%
Strammermax
7%
Sverre
7%
Victherurtle
7%
xirust
7%
BAG
4%
Brad Hamilton
4%
Chedderman
4%
Civiljohn
4%
Daiiono
4%
Diablo
4%
Duskron
4%
KaleSalad
4%
L'heureux traitee
4%
Lim
4%
masamune
4%
mgln7
4%
Mhud
4%
Oceanman
4%
r1ccz
4%
tmcdermid
4%
Juxerr
2%
Kouuli NOT RACIST
2%
KR14
2%
Mag
2%
RENEGAdEChiCkN
2%
Swerb
2%
Yark
2%
Aksel_csgo
0%
CEP
0%
J I G E N
0%
Karo
0%
Kirilka
0%
Knowledge
0%
Max
0%
MyLifeIsTrue
0%
Stepenartt
0%
Tabluu
0%
No matching quizzes found
Score Distribution
Percent of People with Each Score
Percentile by Number Answered
Your Score History
You have not taken this quiz